000 00374nam a2200145Ia 4500
008 150201s2003 xx 000 0 und d
082 _a612.015
_bH2003M
100 _aMURRAY,ROBERT.K.
245 _aHARPERS ILLUSTRATED BIOCHEMISTRY
250 _a26TH
260 _bMc-GRAW-HILL L PUBLISHING
_aNEW YORK
_c2003
300 _a1-693
650 _aBIOCHEMISTRY
942 _2ddc
_cBK
999 _c2536
_d2536